000 00478nam a2200157Ia 4500
008 160316s1991 xxu||||| |||| 00| 0 eng d
082 _a342.050000
_bKAU
100 _aKaul M N
245 _aPractice and procedure of parliament : With particular reference to Lok Sabha
250 _a4th.
260 _aNew Delhi
_bLok Sabha Secretariat
_c1991
300 _a1041p
_b20 cm
_cliii
365 _bRs.630
650 _a1.Parliament - Practice - Procedure
700 _aShakdher S L
_a
999 _c4455
_d4455